[Event "Antwerp"]
[Site "Antwerp"]
[Date "2007.07.07"]
[Round "8"]
[White "Docx, Stefan"]
[Black "Ooms, Andy"]
[Result "1-0"]
[WhiteElo "2338"]
[BlackElo "2222"]
[PlyCount "117"]
[EventDate "2007.06.30"]
[EventType "tourn"]
[EventRounds "9"]
[EventCountry "BEL"]
[EventCategory "5"]
[SourceTitle "CBM 119 Extra"]
[Source "ChessBase"]
[SourceDate "2007.09.04"]
[SourceVersion "1"]
[SourceVersionDate "2007.09.04"]
[SourceQuality "1"]

1. d4 Nf6 2. c4 c5 3. d5 b5 4. cxb5 a6 5. b6 e6 6. Nc3 Nxd5 7. Nxd5 exd5 8. Qxd5 Nc6 9. Nf3 Bb7 10. Ne5 Qe7 11. Bf4 g5 12. Nxc6 Bxc6 13. Qxg5 Qxg5 14. Bxg5 Rb8 15. 0-0-0 Rxb6 16. e3 a5 17. f3 Bg7 18. Rd2 0-0 19. Bf4 d5 20. Bc7 Rb4 21. Bd6 Rc8 22. Ba6 Ra8 23. Be2 Bd7 24. Rhd1 Be6 25. Bxc5 Rc8 26. Rc2 Bxb2+ 27. Rxb2 Rxc5+ 28. Rc2 Rxc2+ 29. Kxc2 Ra4 30. Kb3 Rh4 31. h3 d4+ 32. Kb2 dxe3 33. a3 Rh5 34. Rd3 Re5 35. Kc3 Bf5 36. Rd8+ Kg7 37. Kd4 f6 38. Rd5 Rxd5+ 39. Kxd5 Bd7 40. Kd4 h6 41. Kxe3 Kg6 42. Bd3+ Kf7 43. Kd4 Ke6 44. h4 Kd6 45. g3 Bc8 46. g4 Bd7 47. Be2 Be8 48. f4 Bg6 49. Bd3 Bf7 50. g5 fxg5 51. fxg5 hxg5 52. hxg5 Ke6 53. Kc5 Ke5 54. Bc2 Ke6 55. Kb6 a4 56. Ka5 Ke5 57. Kb4 Ke6 58. Bxa4 Bg6 59. Kc3 1-0

[Event "Antwerp"]
[Site "Antwerp"]
[Date "2007.06.30"]
[Round "1"]
[White "De Jong, Jan Willem"]
[Black "Ooms, Andy"]
[Result "1-0"]
[WhiteElo "2426"]
[BlackElo "2222"]
[PlyCount "107"]
[EventDate "2007.06.30"]
[EventType "tourn"]
[EventRounds "9"]
[EventCountry "BEL"]
[EventCategory "5"]
[SourceTitle "CBM 119 Extra"]
[Source "ChessBase"]
[SourceDate "2007.09.04"]
[SourceVersion "1"]
[SourceVersionDate "2007.09.04"]
[SourceQuality "1"]

1. d4 Nf6 2. c4 c5 3. d5 b5 4. Qc2 bxc4 5. e4 d6 6. Bxc4 g6 7. Nf3 Bg7 8. 0-0 0-0 9. Nc3 Ba6 10. Nd2 Qb6 11. a4 Ng4 12. Nb5 Bc8 13. h3 Ne5 14. Be2 f5 15. f4 Nf7 16. Nc4 Qd8 17. exf5 Bxf5 18. Bd3 Nh6 19. g4 Bxd3 20. Qxd3 Na6 21. Bd2 Qd7 22. Rf2 Nb4 23. Bxb4 cxb4 24. Raf1 Rac8 25. b3 Rc5 26. Qe4 Nf7 27. Re1 a6 28. Nd4 Nd8 29. Kg2 Qb7 30. Ne6 Nxe6 31. Qxe6+ Rf7 32. Ne3 Bd4 33. f5 g5 34. Rd1 Bxe3 35. Qxe3 Rxd5 36. Qf3 e6 37. Rxd5 Qxd5 38. Qxd5 exd5 39. Rd2 Rc7 40. Rxd5 Rc2+ 41. Kf3 Rc3+ 42. Ke4 Rxb3 43. Rxd6 a5 44. Ke5 Rxh3 45. Ra6 h5 46. gxh5 Rxh5 47. Rxa5 Rh4 48. Rb5 b3 49. a5 Rc4 50. Kf6 Rc6+ 51. Kxg5 Ra6 52. Rxb3 Rxa5 53. Kg6 Ra8 54. f6 1-0

[Event "BEL-chT 0607"]
[Site "Belgium"]
[Date "2007.03.25"]
[Round "11"]
[White "Ooms, Andy"]
[Black "Leenhouts, Koen"]
[Result "1/2-1/2"]
[WhiteElo "2222"]
[BlackElo "2404"]
[PlyCount "63"]
[EventDate "2006.10.01"]
[EventType "team-tourn"]
[EventRounds "11"]
[EventCountry "BEL"]
[SourceTitle "EXT 2008"]
[Source "ChessBase"]
[SourceDate "2007.11.25"]
[SourceVersion "1"]
[SourceVersionDate "2007.11.25"]
[SourceQuality "1"]
[WhiteTeam "Leuven Centraal"]
[BlackTeam "KBSK Brugge"]
[WhiteTeamCountry "BEL"]
[BlackTeamCountry "BEL"]

1. Nf3 Nf6 2. d4 e6 3. c4 c5 4. Nc3 cxd4 5. Nxd4 Nc6 6. e3 Bb4 7. Bd2 0-0 8. Be2 d5 9. a3 Bd6 10. Nf3 a6 11. 0-0 Qc7 12. cxd5 exd5 13. Rc1 Be6 14. h3 Rfd8 15. Nd4 Be5 16. Na4 Ne4 17. Bb4 Bxd4 18. exd4 Qf4 19. Nc5 Nxc5 20. Bxc5 Bf5 21. Rc3 Re8 22. Bf3 Be4 23. Bg4 Bf5 24. Bf3 Rad8 25. Qb3 Nxd4 26. Bxd4 Qxd4 27. Rd1 Qf6 28. Bxd5 Be6 29. Bxe6 Rxd1+ 30. Qxd1 Qxe6 31. Re3 Qc6 32. Rxe8+ 1/2-1/2

[Event "BEL-chT 0607"]
[Site "Belgium"]
[Date "2006.11.19"]
[Round "4"]
[White "Ooms, Andy"]
[Black "Winants, Luc"]
[Result "1/2-1/2"]
[WhiteElo "2222"]
[BlackElo "2517"]
[PlyCount "193"]
[EventDate "2006.10.01"]
[EventType "team-tourn"]
[EventRounds "11"]
[EventCountry "BEL"]
[SourceTitle "CBM 115 Extra"]
[Source "ChessBase"]
[SourceDate "2007.01.10"]
[SourceVersion "1"]
[SourceVersionDate "2007.01.10"]
[SourceQuality "1"]
[WhiteTeam "Leuven Centraal"]
[BlackTeam "Charleroi CREC"]
[WhiteTeamCountry "BEL"]
[BlackTeamCountry "BEL"]

1. d4 Nf6 2. Nf3 d5 3. c4 c6 4. Qc2 g6 5. cxd5 cxd5 6. Bf4 Nc6 7. e3 Bg7 8. Ne5 0-0 9. Nxc6 bxc6 10. Bd3 Ba6 11. Bxa6 Qa5+ 12. Nd2 Qxa6 13. b4 Nd7 14. Nf3 f6 15. h4 e5 16. Bg3 exd4 17. Nxd4 f5 18. Rd1 Rae8 19. Bf4 Bxd4 20. Rxd4 Re4 21. Rxe4 fxe4 22. Qe2 Qa4 23. 0-0 Qxb4 24. h5 Qe7 25. hxg6 hxg6 26. Qa6 Nb6 27. Rc1 g5 28. Bg3 Qd7 29. Qe2 g4 30. Bh4 Rf7 31. Rb1 Rh7 32. g3 Rf7 33. Qc2 Qf5 34. a4 Nc4 35. Rb8+ Kh7 36. Qe2 Qf3 37. Qxf3 gxf3 38. Rc8 Ne5 39. g4 Rb7 40. Kh2 Nxg4+ 41. Kg3 Ne5 42. Bf6 Nd7 43. Bd4 c5 44. Bxc5 Kg6 45. Bd4 Kf5 46. Ra8 Rb1 47. Rxa7 Rg1+ 48. Kh3 Rh1+ 49. Kg3 Rg1+ 50. Kh3 Ne5 51. Bxe5 Kxe5 52. Rb7 Ra1 53. Rb4 Ra2 54. Kg3 Ra1 55. Rd4 Kd6 56. Rd2 Rxa4 57. Rc2 Ra1 58. Rc3 Ke5 59. Rc2 Rg1+ 60. Kh3 Rg2 61. Ra2 Kd6 62. Rd2 Kc5 63. Rc2+ Kb5 64. Rd2 Kc4 65. Rd4+ Kc5 66. Rd2 Kd6 67. Ra2 Ke5 68. Rb2 d4 69. exd4+ Kxd4 70. Rd2+ Ke5 71. Ra2 Rg8 72. Rb2 Kf4 73. Kh2 Ke5 74. Ra2 Kd4 75. Rb2 Kc4 76. Rc2+ Kb3 77. Rd2 Kc3 78. Ra2 Kd3 79. Rb2 Rg2+ 80. Kh3 Kc3 81. Ra2 Kb3 82. Rd2 Kb4 83. Rb2+ Ka3 84. Rc2 Kb3 85. Rd2 Kc3 86. Ra2 Kd3 87. Rb2 Rg1 88. Kh2 Rd1 89. Kg3 Rg1+ 90. Kh2 Rg6 91. Ra2 e3 92. fxe3 Ke4 93. Ra4+ Kd3 94. Ra3+ Ke4 95. Ra4+ Kxe3 96. Ra3+ Kf4 97. Ra4+ 1/2-1/2

[Event "Tilburg Stukkenjagers op-A"]
[Site "Tilburg"]
[Date "2006.08.19"]
[Round "2"]
[White "Ooms, Andy"]
[Black "Miezis, Normunds"]
[Result "0-1"]
[WhiteElo "2229"]
[BlackElo "2527"]
[PlyCount "142"]
[EventDate "2006.08.18"]
[EventType "swiss"]
[EventRounds "6"]
[EventCountry "NED"]
[SourceTitle "CBM 113 Extra"]
[Source "ChessBase"]
[SourceDate "2006.09.14"]
[SourceVersion "1"]
[SourceVersionDate "2006.09.14"]
[SourceQuality "1"]

1. d4 Nf6 2. Nf3 e6 3. g3 b5 4. Bg2 Bb7 5. Qd3 b4 6. a3 Na6 7. 0-0 c5 8. c3 bxc3 9. bxc3 Nc7 10. Re1 Be7 11. Nbd2 0-0 12. a4 cxd4 13. cxd4 Ba6 14. Qc2 Rc8 15. Ne4 Nxe4 16. Qxe4 f5 17. Qb1 Nd5 18. Bd2 Rb8 19. Qa2 Nb4 20. Bxb4 Rxb4 21. Rec1 Qa5 22. Ne5 Bc8 23. d5 Kh8 24. Nf7+ Kg8 25. dxe6 dxe6 26. Rxc8 Kxf7 27. Rc6 Qe5 28. Rxe6 Qxa1+ 29. Qxa1 Kxe6 30. Bc6 g5 31. Qg7 Rd8 32. h3 Rc4 33. Bb5 Rc1+ 34. Kg2 Rdd1 35. Qxh7 Rg1+ 36. Kf3 Rh1 37. Qg6+ Ke5 38. Bd7 g4+ 39. hxg4 fxg4+ 40. Qxg4 Bc5 41. Qf4+ Kd5 42. e4+ Kc4 43. e5+ Kc3 44. Kg4 Rcd1 45. Qf3+ Kb4 46. Qb7+ Ka3 47. e6 Rhe1 48. Qc6 Rc1 49. f4 a5 50. Qd5 Rc3 51. Kf5 Bb4 52. Qg2 Ree3 53. g4 Rg3 54. Qe2 Rge3 55. Qd1 Rf3 56. g5 Rfd3 57. Qa1+ Kb3 58. Bb5 Re3 59. Qb1+ Ka3 60. Kf6 Rc7 61. Bd7 Bc3+ 62. Kg6 Bb2 63. f5 Rc1 64. Qxc1 Bxc1 65. f6 Re5 66. f7 Rxg5+ 67. Kf6 Rg1 68. e7 Bg5+ 69. Ke6 Re1+ 70. Kf5 Bxe7 71. Be8 Bf8 0-1

[Event "BEL-chT 0405"]
[Site "Belgium"]
[Date "2005.01.09"]
[Round "6"]
[White "Degraeve, Jean Marc"]
[Black "Ooms, Andy"]
[Result "1-0"]
[WhiteElo "2551"]
[BlackElo "2195"]
[PlyCount "61"]
[EventDate "2004.09.09"]
[EventType "team-tourn"]
[EventRounds "11"]
[EventCountry "BEL"]
[SourceTitle "EXT 2006"]
[Source "ChessBase"]
[SourceDate "2005.11.24"]
[SourceVersion "1"]
[SourceVersionDate "2005.11.24"]
[SourceQuality "1"]
[WhiteTeam "SK Rochade"]
[BlackTeam "Leuven Lustige Vrijpion"]
[WhiteTeamCountry "BEL"]
[BlackTeamCountry "BEL"]

1. e4 c5 2. Nf3 e6 3. c3 Nf6 4. e5 Nd5 5. Bc4 Nb6 6. Bb3 d5 7. d4 Nc6 8. 0-0 Be7 9. Re1 0-0 10. Nbd2 cxd4 11. cxd4 f6 12. exf6 Bxf6 13. Nf1 Nc4 14. Ne3 Nxe3 15. Bxe3 Bd7 16. Qd2 Qa5 17. Qe2 Qb4 18. Rad1 Rac8 19. Bd2 Qd6 20. Bc1 g6 21. Bh6 Bg7 22. Bxg7 Kxg7 23. Qe3 Qf4 24. Ba4 Qxe3 25. Rxe3 Nb8 26. Bxd7 Nxd7 27. Ng5 Rfe8 28. Nxe6+ Kf6 29. Rde1 Rc2 30. Rf3+ Ke7 31. Ng7+ 1-0

[Event "BEL-chT 0405"]
[Site "Belgium"]
[Date "2004.09.26"]
[Round "2"]
[White "Bergez, Luc"]
[Black "Ooms, Andy"]
[Result "1-0"]
[WhiteElo "2371"]
[BlackElo "2195"]
[PlyCount "45"]
[EventDate "2004.09.09"]
[EventType "team-tourn"]
[EventRounds "11"]
[EventCountry "BEL"]
[SourceTitle "EXT 2006"]
[Source "ChessBase"]
[SourceDate "2005.11.24"]
[SourceVersion "1"]
[SourceVersionDate "2005.11.24"]
[SourceQuality "1"]
[WhiteTeam "Charleroi CREC"]
[BlackTeam "Leuven Lustige Vrijpion"]
[WhiteTeamCountry "BEL"]
[BlackTeamCountry "BEL"]

1. e4 c5 2. Nf3 e6 3. b3 Nc6 4. Bb2 a6 5. g3 d6 6. Bg2 Nf6 7. Qe2 Be7 8. 0-0 0-0 9. c3 Qc7 10. d4 b5 11. dxc5 dxc5 12. e5 Nd5 13. Nbd2 Na5 14. c4 bxc4 15. bxc4 Nb6 16. Rab1 Bb7 17. Bc3 Nc6 18. Ne4 Rfd8 19. Nf6+ gxf6 20. exf6 Bf8 21. Ng5 Nd4 22. Bxd4 Bxg2 23. Qc2 1-0

[Event "BEL-ch opB"]
[Site "Westerlo"]
[Date "2004.07.??"]
[Round "4"]
[White "Du Pont, David"]
[Black "Ooms, Andy"]
[Result "0-1"]
[WhiteElo "2097"]
[BlackElo "2180"]
[PlyCount "76"]
[EventDate "2004.07.??"]
[EventType "swiss"]
[EventRounds "9"]
[EventCountry "BEL"]
[SourceTitle "EXT 2005"]
[Source "ChessBase"]
[SourceDate "2004.11.15"]
[SourceVersion "1"]
[SourceVersionDate "2004.11.15"]
[SourceQuality "1"]

1. d4 c5 2. d5 Nf6 3. c4 b5 4. cxb5 a6 5. b6 e6 6. Nc3 Nxd5 7. Nxd5 exd5 8. Qxd5 Nc6 9. Nf3 Bb7 10. Ne5 Qe7 11. Bf4 Nd8 12. Qd2 g5 13. Bg3 f5 14. e3 d6 15. 0-0-0 dxe5 16. Bxe5 Bg7 17. Bxg7 Qxg7 18. Qd6 Qe7 19. Qh6 Nf7 20. Qg7 Qe5 21. Qxe5+ Nxe5 22. f4 Ng4 23. Rd2 Nxe3 24. fxg5 Rd8 25. Be2 Rxd2 26. Kxd2 Nxg2 27. Rf1 0-0 28. Bf3 Bxf3 29. Rxf3 Rb8 30. Rb3 Nf4 31. Rf3 Ne6 32. Rxf5 Rxb6 33. b3 Rb4 34. g6 hxg6 35. Rf6 Nf4 36. Rxa6 Kf7 37. Kc3 Nd5+ 38. Kd3 Rd4+ 0-1

[Event "BEL-ch opB"]
[Site "Westerlo"]
[Date "2004.07.??"]
[Round "2"]
[White "Lagrain, Jan"]
[Black "Ooms, Andy"]
[Result "0-1"]
[WhiteElo "2013"]
[BlackElo "2180"]
[PlyCount "58"]
[EventDate "2004.07.??"]
[EventType "swiss"]
[EventRounds "9"]
[EventCountry "BEL"]
[SourceTitle "EXT 2005"]
[Source "ChessBase"]
[SourceDate "2004.11.15"]
[SourceVersion "1"]
[SourceVersionDate "2004.11.15"]
[SourceQuality "1"]

1. e4 c5 2. Nc3 Nc6 3. g3 g6 4. Bg2 Bg7 5. d3 Rb8 6. Be3 d6 7. Qd2 b5 8. Nge2 b4 9. Nd1 Qb6 10. 0-0 e6 11. f4 f5 12. h3 Nge7 13. Kh2 0-0 14. g4 e5 15. exf5 gxf5 16. g5 Ng6 17. Bd5+ Kh8 18. Ng3 Nce7 19. Bf3 exf4 20. Bxf4 Nxf4 21. Qxf4 Ng6 22. Qd2 Be5 23. Bd5 Qd8 24. a3 Bb7 25. Bxb7 Rxb7 26. axb4 Rxb4 27. c4 Rb7 28. Nc3 d5 29. cxd5 Qb8 0-1

[Event "BEL-ch opB"]
[Site "Westerlo"]
[Date "2004.07.??"]
[Round "9"]
[White "Ooms, Andy"]
[Black "De Wachter, Matthias"]
[Result "1/2-1/2"]
[WhiteElo "2180"]
[BlackElo "2265"]
[PlyCount "141"]
[EventDate "2004.07.??"]
[EventType "swiss"]
[EventRounds "9"]
[EventCountry "BEL"]
[SourceTitle "EXT 2005"]
[Source "ChessBase"]
[SourceDate "2004.11.15"]
[SourceVersion "1"]
[SourceVersionDate "2004.11.15"]
[SourceQuality "1"]

1. d4 Nf6 2. Nf3 e6 3. c4 c5 4. g3 cxd4 5. Nxd4 d5 6. Bg2 e5 7. Nc2 d4 8. 0-0 Nc6 9. b4 Be7 10. f4 e4 11. b5 Na5 12. Ba3 Nxc4 13. Bxe7 Qxe7 14. Qxd4 Nd6 15. Nc3 0-0 16. Rfd1 Rd8 17. Ne3 Be6 18. Ned5 Nxd5 19. Nxd5 Qd7 20. b6 Nc8 21. Qxe4 Bxd5 22. Rxd5 Qxd5 23. Qxd5 Rxd5 24. Bxd5 Nxb6 25. Bxb7 Rd8 26. a4 a5 27. Bc6 Rd6 28. Bb5 Rd4 29. e3 Rb4 30. Rd1 Kf8 31. Rd8+ Ke7 32. Re8+ Kf6 33. e4 g6 34. e5+ Kg7 35. Re7 Nxa4 36. Bxa4 Rxa4 37. e6 Kf6 38. Rxf7+ Kxe6 39. Rxh7 Ra2 40. h3 Kf5 41. Re7 a4 42. Re5+ Kf6 43. Ra5 a3 44. g4 Kg7 45. Ra7+ Kf6 46. Ra6+ Kf7 47. h4 Ra1+ 48. Kg2 Ra2+ 49. Kg3 Ra1 50. g5 Rg1+ 51. Kf2 Rh1 52. Rxa3 Rxh4 53. Ra7+ Kf8 54. Ke3 Rh1 55. Kd4 Re1 56. Kd5 Re2 57. Ra4 Kf7 58. Ra7+ Kf8 59. Ra6 Kf7 60. Rf6+ Kg7 61. Re6 Rd2+ 62. Ke5 Kf7 63. Rf6+ Kg7 64. Rb6 Re2+ 65. Kd5 Kf7 66. Rb7+ Kf8 67. Rb4 Kf7 68. Re4 Ra2 69. Re3 Ra5+ 70. Ke4 Ra4+ 71. Kf3 1/2-1/2

[Event "Vlaams-ch"]
[Site "Bilzen"]
[Date "2004.05.31"]
[Round "7"]
[White "Ooms, Andy"]
[Black "Sarrau, Jelle"]
[Result "1-0"]
[WhiteElo "2280"]
[BlackElo "1549"]
[PlyCount "75"]
[EventDate "2004.05.20"]
[EventType "swiss"]
[EventRounds "7"]
[EventCountry "BEL"]
[SourceTitle "EXT 2006"]
[Source "ChessBase"]
[SourceDate "2005.11.24"]
[SourceVersion "1"]
[SourceVersionDate "2005.11.24"]
[SourceQuality "1"]

1. e4 c5 2. Nf3 e6 3. d3 Nc6 4. g3 d5 5. Nbd2 Nf6 6. Bg2 Be7 7. 0-0 0-0 8. Re1 Re8 9. e5 Nd7 10. Nf1 b5 11. h4 f6 12. exf6 Bxf6 13. c4 bxc4 14. dxc4 Nb6 15. Ng5 Nd4 16. Qh5 Bxg5 17. Bxg5 Qd7 18. cxd5 g6 19. Qd1 e5 20. Rc1 Qb5 21. b3 Ba6 22. d6 Nd7 23. Ne3 Rac8 24. Nd5 Bb7 25. Ne7+ Rxe7 26. Bxe7 Bxg2 27. Kxg2 Qb7+ 28. f3 Qd5 29. Qd3 Kg7 30. h5 Qf7 31. Re4 c4 32. Rxc4 Rxc4 33. bxc4 Nc5 34. h6+ Kg8 35. Rxd4 exd4 36. Qxd4 Nd7 37. a4 a5 38. g4 1-0

[Event "Vlaams-ch"]
[Site "Bilzen"]
[Date "2004.05.22"]
[Round "3"]
[White "Ooms, Andy"]
[Black "De Reymaeker, Walter"]
[Result "1/2-1/2"]
[WhiteElo "2280"]
[BlackElo "1998"]
[PlyCount "73"]
[EventDate "2004.05.20"]
[EventType "swiss"]
[EventRounds "7"]
[EventCountry "BEL"]
[SourceTitle "EXT 2006"]
[Source "ChessBase"]
[SourceDate "2005.11.24"]
[SourceVersion "1"]
[SourceVersionDate "2005.11.24"]
[SourceQuality "1"]

1. Nf3 c5 2. g3 g6 3. Bg2 Bg7 4. c4 Nc6 5. 0-0 e6 6. Nc3 Nge7 7. e3 0-0 8. d4 cxd4 9. exd4 d5 10. c5 b6 11. Rb1 bxc5 12. dxc5 Ba6 13. Re1 Rb8 14. Bf4 Qa5 15. Bxb8 Rxb8 16. Na4 e5 17. a3 e4 18. b4 Qc7 19. Ng5 Bd3 20. Rb3 Bc4 21. Rb1 Bd3 22. Rc1 a6 23. Nh3 g5 24. Qd2 Qe5 25. Kh1 Qd4 26. Qc3 f5 27. Qxd4 Nxd4 28. Nb2 Bb5 29. Nd1 Nb3 30. Rc2 d4 31. g4 d3 32. Ra2 fxg4 33. Ng1 Nc1 34. Rd2 Nb3 35. Ra2 Nc1 36. Rd2 Nb3 37. Ra2 1/2-1/2

[Event "BEL-chT 0304"]
[Site "Belgium"]
[Date "2004.02.15"]
[Round "9.6"]
[White "Huesmann, Thomas"]
[Black "Ooms, Andy"]
[Result "0-1"]
[WhiteElo "2301"]
[BlackElo "2180"]
[PlyCount "112"]
[EventDate "2003.10.01"]
[EventType "team"]
[EventRounds "11"]
[EventCountry "BEL"]
[SourceTitle "EXT 2005"]
[Source "ChessBase"]
[SourceDate "2004.11.15"]
[SourceVersion "1"]
[SourceVersionDate "2004.11.15"]
[SourceQuality "1"]
[WhiteTeam "Rochade"]
[BlackTeam "Leuven"]
[WhiteTeamCountry "BEL"]
[BlackTeamCountry "BEL"]

1. e4 c5 2. Nc3 Nc6 3. f4 g6 4. Nf3 Bg7 5. Bc4 e6 6. f5 Ne5 7. Nxe5 Bxe5 8. Qf3 gxf5 9. 0-0 Qh4 10. h3 Nf6 11. d3 Rg8 12. Bf4 Bxf4 13. Qxf4 Qxh3 14. Rf2 Rg4 15. Qe5 Qh6 16. Rxf5 Qe3+ 17. Rf2 Rxg2+ 18. Kxg2 Qxf2+ 19. Kxf2 Ng4+ 20. Kg3 Nxe5 21. Rh1 b6 22. Rxh7 Ng6 23. Nd1 Bb7 24. Ne3 Ke7 25. c3 Rg8 26. Kf2 Ne5 27. Ke2 Rg1 28. b4 cxb4 29. cxb4 Rb1 30. Bb3 Ba6 31. Nc4 Bxc4 32. dxc4 Nc6 33. b5 Nd4+ 34. Kd2 Nxb3+ 35. axb3 Rxb3 36. Rh8 Kd6 37. Ra8 Ra3 38. Rf8 Ke7 39. Rh8 f6 40. Rh7+ Kd6 41. Rh5 Ra5 42. Rh7 Ke5 43. Kc3 Kxe4 44. Rxd7 f5 45. Rd1 f4 46. Re1+ Kf5 47. Kd4 Ra2 48. Re5+ Kf6 49. Rh5 e5+ 50. Ke4 Re2+ 51. Kd3 Re3+ 52. Kd2 Kg6 53. Rh1 Ra3 54. Kc2 f3 55. Kb2 Rd3 56. Kc2 Rd7 0-1

[Event "BEL-chT 0304"]
[Site "Belgium"]
[Date "2003.12.14"]
[Round "1.6"]
[White "Ooms, Andy"]
[Black "Deleyn, Gunter"]
[Result "1/2-1/2"]
[WhiteElo "2180"]
[BlackElo "2275"]
[PlyCount "65"]
[EventDate "2003.10.01"]
[EventType "team"]
[EventRounds "11"]
[EventCountry "BEL"]
[SourceTitle "CBM 097 Extra"]
[Source "ChessBase"]
[SourceDate "2004.01.13"]
[SourceVersion "1"]
[SourceVersionDate "2004.01.13"]
[SourceQuality "1"]
[WhiteTeam "Leuven"]
[BlackTeam "Gent"]
[WhiteTeamCountry "BEL"]
[BlackTeamCountry "BEL"]

1. Nf3 Nf6 2. d4 e6 3. g3 c5 4. Bg2 Qc7 5. 0-0 a6 6. Bg5 Be7 7. c4 cxd4 8. Nxd4 d6 9. Nc3 0-0 10. Rc1 Nbd7 11. b4 h6 12. Bf4 Re8 13. Nb3 Nh5 14. Be3 Nhf6 15. Na4 Ng4 16. Bf4 e5 17. Bd2 Rb8 18. c5 dxc5 19. bxc5 Nf8 20. Ba5 Qd7 21. Nd2 Qf5 22. e4 Qg6 23. Bc7 Bd7 24. Bxb8 Rxb8 25. h3 Nf6 26. Nb6 Bb5 27. Re1 Ne6 28. Nb3 Bf8 29. Nd5 Nd7 30. Nc3 Bc6 31. Na5 Ndxc5 32. Nxc6 bxc6 33. Rc2 1/2-1/2

[Event "BEL-chT 0304"]
[Site "Belgium"]
[Date "2003.10.19"]
[Round "2.7"]
[White "Bauduin, Etienne"]
[Black "Ooms, Andy"]
[Result "0-1"]
[WhiteElo "2245"]
[BlackElo "2180"]
[PlyCount "58"]
[EventDate "2003.10.01"]
[EventType "team"]
[EventRounds "11"]
[EventCountry "BEL"]
[SourceTitle "EXT 2004"]
[Source "ChessBase"]
[SourceDate "2003.11.25"]
[SourceVersion "1"]
[SourceVersionDate "2003.11.25"]
[SourceQuality "1"]
[WhiteTeam "Charleroi CREC"]
[BlackTeam "Leuven"]
[WhiteTeamCountry "BEL"]
[BlackTeamCountry "BEL"]

1. Nf3 Nf6 2. c4 g6 3. Nc3 Bg7 4. d4 d6 5. Bg5 Nbd7 6. Qc2 c6 7. e3 a6 8. Be2 0-0 9. 0-0 b5 10. a3 bxc4 11. Bxc4 c5 12. dxc5 Nxc5 13. Nd4 Bb7 14. b4 Nce4 15. Nxe4 Nxe4 16. Bh4 Rc8 17. Qd3 Rxc4 18. Qxc4 Nd2 19. Qc2 Nxf1 20. Rxf1 Qd7 21. Rd1 Qg4 22. Bg3 Rc8 23. Qd2 Rc3 24. f3 Qc8 25. Bh4 Bh6 26. f4 e5 27. Nf3 exf4 28. Qxd6 fxe3 29. Bf6 Rc1 0-1

[Event "Geraardsbergen op"]
[Site "Geraardsbergen"]
[Date "2003.08.14"]
[Round "2"]
[White "Van Gils, Martin"]
[Black "Ooms, Andy"]
[Result "0-1"]
[WhiteElo "2055"]
[BlackElo "2281"]
[PlyCount "54"]
[EventDate "2003.08.??"]
[EventType "swiss"]
[EventRounds "7"]
[EventCountry "BEL"]
[SourceTitle "EXT 2005"]
[Source "ChessBase"]
[SourceDate "2004.11.15"]
[SourceVersion "1"]
[SourceVersionDate "2004.11.15"]
[SourceQuality "1"]

1. e4 c5 2. Nc3 Nc6 3. g3 g6 4. Bg2 Bg7 5. Nge2 Rb8 6. 0-0 b5 7. d3 e6 8. a4 b4 9. Nb1 Nge7 10. Nd2 0-0 11. f4 d5 12. Rb1 Qb6 13. Kh1 Ba6 14. b3 c4 15. bxc4 dxc4 16. Nxc4 Bxc4 17. dxc4 Rfd8 18. Qe1 Qa6 19. Bb2 Bxb2 20. Rxb2 Qxc4 21. c3 bxc3 22. Rxb8 Rxb8 23. Nxc3 Rb3 24. Ne2 Re3 25. Rf2 Nd4 26. Qd2 Rxe2 27. Rxe2 Nxe2 0-1

[Event "Ghent op 26th"]
[Site "Ghent"]
[Date "2003.07.21"]
[Round "6"]
[White "Ooms, Andy"]
[Black "Van der Stricht, Geert"]
[Result "1/2-1/2"]
[WhiteElo "2180"]
[BlackElo "2450"]
[PlyCount "47"]
[EventDate "2003.07.19"]
[EventType "swiss"]
[EventRounds "9"]
[EventCountry "BEL"]
[SourceTitle "CBM 095 Extra"]
[Source "ChessBase"]
[SourceDate "2003.09.04"]
[SourceVersion "1"]
[SourceVersionDate "2003.09.04"]
[SourceQuality "1"]

1. d4 Nf6 2. Nf3 e6 3. g3 b6 4. Bg2 Bb7 5. c4 Be7 6. Nc3 Ne4 7. Qd3 Nxc3 8. Qxc3 0-0 9. 0-0 c5 10. Rd1 d6 11. b3 Nd7 12. Bb2 Bf6 13. Qd2 d5 14. Ne5 cxd4 15. Ng4 e5 16. cxd5 Re8 17. e3 Bg5 18. h4 dxe3 19. fxe3 Bf6 20. e4 Be7 21. Kh2 Bf8 22. Rf1 Ba6 23. Rf5 f6 24. Rf3 1/2-1/2

[Event "BEL-chT 0203"]
[Site "Belgium"]
[Date "2003.02.23"]
[Round "9.4"]
[White "Ooms, Andy"]
[Black "Michiels, Bart"]
[Result "1/2-1/2"]
[WhiteElo "2170"]
[BlackElo "2254"]
[PlyCount "76"]
[EventDate "2002.10.06"]
[EventType "team"]
[EventRounds "11"]
[EventCountry "BEL"]
[SourceTitle "EXT 2004"]
[Source "ChessBase"]
[SourceDate "2003.11.25"]
[SourceVersion "1"]
[SourceVersionDate "2003.11.25"]
[SourceQuality "1"]
[WhiteTeam "Leuven"]
[BlackTeam "Gent"]
[WhiteTeamCountry "BEL"]
[BlackTeamCountry "BEL"]

1. d4 d5 2. Nf3 Nf6 3. g3 e6 4. Bg2 c5 5. c4 dxc4 6. Qa4+ Nbd7 7. 0-0 a6 8. Nc3 Be7 9. dxc5 Bxc5 10. Qxc4 b5 11. Qh4 Bb7 12. Bg5 0-0 13. Rad1 Qe7 14. Rxd7 Qxd7 15. Ne5 Qc7 16. Bxb7 Qxe5 17. Bxa8 Rxa8 18. Bxf6 Qxf6 19. Qxf6 gxf6 20. Rd1 f5 21. Rd7 Ra7 22. Rxa7 Bxa7 23. e3 Kf8 24. Kf1 Ke7 25. Ke2 Kd7 26. Kd3 Bc5 27. a4 Kc6 28. axb5+ axb5 29. Ne2 Bf8 30. Nd4+ Kc5 31. Nc2 Bg7 32. b3 Bb2 33. f3 Be5 34. Ke2 Bf6 35. Kd3 h5 36. Ke2 Be5 37. Kd3 Bf6 38. Ke2 Bc3 1/2-1/2

[Event "BEL-chT 0203"]
[Site "Belgium"]
[Date "2002.12.23"]
[Round "5.5"]
[White "Hautot, Stephane"]
[Black "Ooms, Andy"]
[Result "1-0"]
[WhiteElo "2290"]
[BlackElo "2170"]
[PlyCount "77"]
[EventDate "2002.10.06"]
[EventType "team"]
[EventRounds "11"]
[EventCountry "BEL"]
[SourceTitle "EXT 2004"]
[Source "ChessBase"]
[SourceDate "2003.11.25"]
[SourceVersion "1"]
[SourceVersionDate "2003.11.25"]
[SourceQuality "1"]
[WhiteTeam "Liege Crelel"]
[BlackTeam "Leuven"]
[WhiteTeamCountry "BEL"]
[BlackTeamCountry "BEL"]

1. e4 c5 2. Nf3 e6 3. d4 cxd4 4. Nxd4 Nc6 5. Nc3 Qc7 6. Be3 a6 7. g3 Ne5 8. Bg2 Nc4 9. Bc1 b5 10. 0-0 Bb7 11. b3 Ne5 12. Bb2 Nf6 13. f4 Neg4 14. Qd3 Bc5 15. e5 Qb6 16. Ne4 Nxe4 17. Bxe4 Rd8 18. h3 Nh6 19. Kh2 d6 20. Bxb7 Qxb7 21. Qf3 Qxf3 22. Nxf3 Nf5 23. exd6 Ne3 24. Rfe1 0-0 25. Re2 Rxd6 26. Rae1 Rc6 27. Ne5 Rc7 28. Nd3 Nd5 29. Be5 Rfc8 30. Bxc7 Rxc7 31. c4 bxc4 32. bxc4 Ne7 33. Rb1 h5 34. Re5 Bd4 35. Ra5 Rxc4 36. Rc1 Bc3 37. Rxa6 Nd5 38. Ra3 h4 39. gxh4 1-0